00715nam a22002057a 450000500170000000800410001702000180005805000200007624500710009626000330016730000320020033600100023233700140024233800120025649000490026850501300031765000240044765000140047170000240048520231102151927.0160506s2009 mx a|||f |||| 00| 0 spa d a9786071701589 aTK4175 M35 200910aManual de iluminación b: una guía paso a pasoc / Luis Lesur3 aMéxico : bTrillas, c2009 a80 páginasbIlustraciones aTexto aSin medio aVolumen1 aColección Cómo hacer bien y fácilmente1 aContenido Introducción Luz visible Luz de día Luz artificial Control de la luz Fotometría Diseño de la iluminación14aALUMBRADO ELECTRICO24aALUMBRADO aLesur, Luiseeditor